Cat's eye

Bibliographic Details
Main Author: Atwood, Margaret
Format: Book
Published: London : Bloomsbury Publishers , 1989
Subjects:

MARC

LEADER 00000cam a2200000 7i4500
001 0000025543
005 20090305.0
008 090305
020 |a 0747590125 
090 0 0 |a ATW   |b ENG 
100 1 |a Atwood, Margaret 
245 1 0 |a Cat's eye   |c Margaret Atwood 
260 |a London :   |b Bloomsbury Publishers ,   |c 1989 
650 0 |a Friendship   |x psychological aspects   |x fiction 
655 0 0 |a Psychological fiction 
999 |a 0001040436   |b Book   |c Adult Collection   |e Perbadanan Perpustakaan Awam Johor